|
|
|
|
| LEADER |
00000nam0a2200000 4500 |
| 001 |
154786 |
| 005 |
20231101221805.0 |
| 010 |
|
|
|a 5691014838
|
| 035 |
|
|
|a (RuTPU)RU\TPU\book\167885
|
| 090 |
|
|
|a 154786
|
| 100 |
|
|
|a 20090304d2006 m y0rusy50 ca
|
| 101 |
0 |
|
|a rus
|
| 102 |
|
|
|a RU
|
| 105 |
|
|
|a a j 001zy
|
| 200 |
1 |
|
|a Основы теории механизмов и машин
|e учебное пособие
|f Н. С. Махова, О. Н. Поболь, М. И. Семин
|
| 210 |
|
|
|a Москва
|c Владос
|d 2006
|
| 215 |
|
|
|a 287 с.
|c ил.
|
| 225 |
1 |
|
|a Учебное пособие для технических вузов
|
| 320 |
|
|
|a Библиогр.: с. 286.
|
| 330 |
|
|
|a Учебное пособие состоит из трех разделов, посвященных анализу механизмов и машин, синтезу механизмов и проблемам автоматизированного проектирования и производства машин. В нем рассмотрены основные теоретические положения дисциплины. Приведены примеры решения задач.
|
| 606 |
1 |
|
|a Механизмы и машины
|x Теория
|2 stltpush
|3 (RuTPU)RU\TPU\subj\64695
|9 81456
|
| 610 |
1 |
|
|a строение
|
| 610 |
1 |
|
|a структурный анализ
|
| 610 |
1 |
|
|a кинематический анализ
|
| 610 |
1 |
|
|a динамическое моделирование
|
| 610 |
1 |
|
|a кинетостатический анализ
|
| 610 |
1 |
|
|a уравновешивание
|
| 610 |
1 |
|
|a роторы
|
| 610 |
1 |
|
|a балансировка
|
| 610 |
1 |
|
|a трение
|
| 610 |
1 |
|
|a износ
|
| 610 |
1 |
|
|a виброактивность
|
| 610 |
1 |
|
|a виброзащита
|
| 610 |
1 |
|
|a кулачковые механизмы
|
| 610 |
1 |
|
|a зубчатые передачи
|
| 610 |
1 |
|
|a кинематические схемы
|
| 610 |
1 |
|
|a синтез
|
| 610 |
1 |
|
|a автоматизированное проектирование
|
| 610 |
1 |
|
|a промышленные роботы
|
| 610 |
1 |
|
|a учебные пособия
|
| 675 |
|
|
|a 621.01(075.8)
|v 3
|
| 700 |
|
1 |
|a Махова
|b Н. С.
|g Нина Сергеевна
|
| 701 |
|
1 |
|a Поболь
|b О. Н.
|g Олег Николаевич
|
| 701 |
|
1 |
|a Семин
|b М. И.
|g Михаил Иванович
|
| 801 |
|
1 |
|a RU
|b 63413507
|c 20090304
|g PSBO
|
| 801 |
|
2 |
|a RU
|b 63413507
|c 20150605
|g PSBO
|
| 900 |
|
|
|a Теория механизмов и машин
|
| 942 |
|
|
|c BK
|
| 951 |
|
|
|b 260800
|
| 959 |
|
|
|a 30/20090218
|d 2
|e 215,05
|f АНЛ:1
|f ЧЗТЛ:1
|